000 00207 a2200097 4500
020 _a9789683905178
041 _aspa
100 _aHollis, judi
245 _aLa obesidad es un problema familiar
942 _cBK
999 _c11241
_d11241